Music Quiz

Random Music or Lyrics Quiz

'You Can Call Me Al' Lyrics Quiz Stats

Quiz Updated Oct 12, 2016

Also try: '50 Ways' Guys
Challenge
Share
Tweet
Embed
Score 0/263 Timer 08:00
3 Plays Today
% Correct
[chorus]
99.4%
[chorus]
99.4%
['na na na na...']
99.4%
[repeating]
99.4%
A
98.6%
a
98.6%
a
98.6%
a
98.6%
a
98.6%
A
98.6%
a
98.6%
A
98.6%
a
98.6%
a
98.6%
a
98.6%
You
97.1%
you
97.1%
you
97.1%
You
97.1%
me
96.7%
me
96.7%
me
96.7%
I
96.7%
I
96.7%
I
96.7%
I
96.7%
I
96.7%
I
96.7%
I
96.7%
I
96.7%
I
96.7%
call
96.5%
call
96.5%
call
96.5%
Al [end chorus]
96.5%
can
96.1%
can
96.1%
can
96.1%
the
94.3%
the
94.3%
the
94.3%
The
94.3%
the
94.3%
the
94.3%
the
94.3%
the
94.3%
the
94.3%
the
94.3%
the
94.3%
the
94.3%
the
94.3%
the
94.3%
be
91.2%
be
91.2%
be
91.2%
man
89.5%
man
89.5%
man
89.5%
man
89.5%
And
88.2%
And,
88.2%
and
88.2%
and
88.2%
and
88.2%
and
88.2%
and
88.2%
in
86.1%
in
86.1%
In
86.1%
in
86.1%
in
86.1%
in
86.1%
in
86.1%
in
86.1%
He
85.8%
He
85.8%
He
85.8%
He
85.8%
He
85.8%
He
85.8%
He
85.8%
He
85.8%
He
85.8%
He
85.8%
down
85.3%
down
85.3%
down
85.3%
down
85.3%
% Correct
my
84.4%
my
84.4%
my
84.4%
my
84.4%
my
84.4%
my
84.4%
my
84.4%
walks
84.3%
walks
84.3%
walks
84.3%
street
84.2%
street
84.2%
street
84.2%
street
84.2%
am
82.7%
am
82.7%
am
82.7%
so
81.8%
so
81.8%
''Why
80.9%
Why
80.9%
''Why
80.9%
when
80.2%
is
80%
is
80%
is
80%
is
80%
your
79.7%
says,
78.8%
says,
78.8%
says,
78.8%
Betty
78.2%
Betty,
78.2%
long
77.3%
long-
77.3%
[chorus:] If
76.5%
if
76.5%
of
76.1%
of
76.1%
of
76.1%
lost
75.9%
pal
74.8%
no
73.6%
bodyguard
73.6%
middle
70.7%
middle?
70.7%
at
69.3%
now?
65.6%
Now
65.6%
to
65.3%
life
64.8%
soft
62.6%
soft
62.6%
All
61.6%
you'll
61.1%
lit
58.7%
hard
57.9%
short
57.5%
short
57.5%
little
56.7%
little
56.7%
What
56.6%
rest
56.5%
want
55.6%
want
55.6%
attention?
55.5%
attention
55.5%
that
55.4%
Don't
54.4%
don't
54.4%
world
54.3%
world
54.3%
It's
54.1%
it's
54.1%
it's
54.1%
here?
53%
Gone
52.9%
gone?''
52.9%
need
52.3%
up
52.3%
span
49.6%
girl
49.2%
strange
49.1%
role
48.9%
role
48.9%
model
48.5%
model
48.5%
Got
48.5%
% Correct
time
48.4%
alley
48%
redemption
47.8%
shot
47.7%
around
47.6%
around,
47.6%
around
47.6%
from
47.6%
There
47.4%
There
47.4%
opportunity
46.4%
graveyard''
46.2%
this
45.9%
are
45.8%
cartoon
45.8%
cartoon
45.8%
With
45.4%
die
45.4%
end
45.3%
Maybe
45%
Maybe
45%
wife
45%
his
44.8%
back
44.1%
were
43.7%
were
43.7%
family?
43.5%
photo
43.2%
Get
43.1%
Who'll
43%
away
42.9%
away
42.9%
third
42.8%
know
42.3%
by
42.2%
first
42.1%
some
42%
faced
41.9%
Bonedigger,
41.4%
bonedigger,
41.4%
these
39.7%
angels
38.6%
currency
37.7%
doesn't
37.4%
bat-
37.4%
sees
37.2%
sound,
37.1%
sound
37.1%
language
37%
architecture
36.6%
moonlight
36.4%
looks
36.3%
speak
36.2%
accidents
36%
incidents
35.9%
find
35.7%
foreign
35.6%
allegations
35.4%
hints
35.3%
Dogs
35.3%
Where's
35.2%
mutts
35.1%
holds
35%
anymore.
34.7%
amusing
34.6%
stuff
34.2%
Beerbelly,
34%
Beerbelly,
34%
surrounded
33.7%
Far
33.6%
ducked
32.8%
nights
32.5%
along
32.4%
along
32.4%
roly-poly
32.3%
well-
32.3%
''Hallelujah!''
29.6%
marketplace
29.5%
Spinning
29.2%
infinity
28.9%
Mr.
27%
Cattle
25.6%
door
21%
''Amen!''
20.3%
woe
17.7%
orphanages
16.2%
Scatterlings
11.4%

You're not logged in!

Compare scores with friends on all Sporcle quizzes.
Join for Free
OR
Log In

You Might Also Like...

Show Comments

Extras

Top Quizzes Today


Score Distribution

Your Account Isn't Verified!

In order to create a playlist on Sporcle, you need to verify the email address you used during registration. Go to your Sporcle Settings to finish the process.

Report this User

Report this user for behavior that violates our Community Guidelines.

Details: